الرقابة الشرعية في المؤسسات المالية الإسلامية : أنموذج فرع بيت التمويل الكويتي بماليزيا، وبنك إسلام الماليزي (دراسة مقارنة) /
Saved in:
| 主要作者: | |
|---|---|
| 格式: | Thesis |
| 语言: | Arabic |
| 出版: |
Kuala Lumpur :
Institute of Islamic Banking and Finance, International Islamic University Malaysia,
2010
|
| 主题: | |
| 标签: |
添加标签
没有标签, 成为第一个标记此记录!
|
| LEADER | 021940000a22003970004500 | ||
|---|---|---|---|
| 008 | 120305s2010 my a f m 000 0 ara d | ||
| 040 | |a UIAM |b eng |e rda | ||
| 041 | |a ara | ||
| 043 | |a a-my--- | ||
| 100 | 1 | |a Mahmud Idris, Mahmud Muhammad 'Ali | |
| 242 | 1 | 3 | |a al-Raqabah al-shar'iyah fi al-Mu'assasat al-'Maliyah al-Islamiyah : |b anmudhajan far' bayt al-tamwil al-Kuwayti bi-Maliziya, wa-Bank Islam al-Malizi |
| 245 | 1 | 2 | |a الرقابة الشرعية في المؤسسات المالية الإسلامية : |b أنموذج فرع بيت التمويل الكويتي بماليزيا، وبنك إسلام الماليزي (دراسة مقارنة) / |c إعداد، محمود محمد علي محمود إدريس |
| 264 | 1 | |a Kuala Lumpur : |b Institute of Islamic Banking and Finance, International Islamic University Malaysia, |c 2010 | |
| 300 | |a [xiv], 297 leaves : |b illustrations ; |c 30cm. | ||
| 336 | |2 rdacontent |a text | ||
| 337 | |2 rdamedia |a unmediated | ||
| 337 | |2 rdamedia |a computer | ||
| 338 | |2 rdamedia |a volume | ||
| 338 | |a computer disc |r dacarrier | ||
| 338 | |2 rdacarrier |a online resource | ||
| 347 | |2 rdaft |a text file |b PDF | ||
| 500 | |a Abstracts in English and Arabic. | ||
| 500 | |a "بحث المقدم لنيل درجة الدكتوراه في معهد المصرفية و المالية الاسلاميةز" --On title page. | ||
| 502 | |a Thesis (Ph.D)--International Islamic University Malaysia, 2010. | ||
| 504 | |a Includes bibliographical references (leaves 255-283). | ||
| 520 | |a | ||
| 596 | |a 4 | ||
| 655 | 7 | |a Theses, IIUM local | |
| 690 | |a Dissertations, Academic |x Institute of Islamic Banking and Finance. |z IIUM | ||
| 700 | 1 | |a Ali, Mahmoud Mohammed, |e author | |
| 710 | 2 | |a International Islamic University Malaysia. |b Institute of Islamic Banking and Finance. | |
| 856 | 4 | |z Click here to view 1st 24 pages of the thesis. Members can view fulltext at the specified PCs in the library. | |
| 900 | |a aah to ls-naw to asbh | ||
| 999 | |c 435205 |c 435205 |d 466565 |d 466565 | ||
| 999 | |c 435205 |c 435205 |d 466565 |d 466565 | ||
| 952 | |0 0 |6 XX (473024.2) |7 0 |8 THESES |9 752185 |a IIiBFL |b IIiBFL |c CLOSEACCES |g 0.00 |o XX(473024.2) |p 00011243334 |r 2018-05-03 |t 1 |v 0.00 |y THESIS | ||
